Aktuelle Fußballvereine Flensburgs - Statistiken

Allgemein
  • Dieses Quiz wurde 55 mal gespielt
    28 seit der letzten Aktualisierung
  • Das Durchschnittsergebnis liegt bei 4 aus 8
Antwortstatistiken
Hint Antwort % Korrekt
Regionalliga SC Weiche Flensburg 08
100%
Landesliga TSB Flensburg
82%
Kreisklasse A PSV Flensburg
68%
Kreisklasse A SV Adelby
50%
Verbandsliga DGF Flensborg
32%
Kreisklasse A Roter Stern Flensburg
32%
Verbandsliga IF Stjernen Flensborg
27%
Frauen Kreisliga DJK Flensburg
23%
Keine übereinstimmenden Quizze gefunden
Verteilung der Resultate
Anzahl Personen mit jedem Resultat
Perzentil nach korrekt beantworteten Fragen
Ihre Resultats-Entwicklung
Sie haben dieses Quiz seit der letzten Aktualisierung nicht gespielt